Skelet základného modelu monetárnej politiky NBS dizertačná práca

Enregistré dans:
Détails bibliographiques
Auteur principal: Gachulinec, František
Collectivité auteur: Fakulta hospodárskej informatiky EU. Katedra operačného výskumu a ekonometrie
Autres auteurs: Husár, Jaroslav
Format: Livre
Langue:slovaque
Publié: Bratislava 2003
Sujets:
Tags: Ajouter un tag
Pas de tags, Soyez le premier à ajouter un tag!

MARC

LEADER 00000nam$a2200000$$$4500
001 0036688
005 20240718083816.9
041 0 |a slo 
044 |a SK 
245 1 0 |a Skelet základného modelu monetárnej politiky NBS  |b dizertačná práca  |c František Gachulinec ; školiteľ: Jaroslav Husár 
264 1 |a Bratislava  |c 2003 
300 |a 69 s. 
610 2 0 |a modelovanie 
610 2 0 |a modelovanie lineárne 
610 2 0 |a modely nelineárne 
610 2 0 |a monetika 
610 2 0 |a cielenie inflácie 
610 2 0 |a politika fiškálna 
610 2 0 |a Slovensko 
610 2 0 |a Európska únia 
610 2 0 |a únie menové 
610 2 0 |a banky centrálne 
100 1 |a Gachulinec, František 
700 1 |a Husár, Jaroslav 
710 2 |a Fakulta hospodárskej informatiky EU. Katedra operačného výskumu a ekonometrie